|
|
|
|
| LEADER |
01404nam a2200253 i 4500 |
| 001 |
GR-MES3015 |
| 003 |
GR-PaULI |
| 005 |
20250311135513.0 |
| 008 |
991111s1976 gr a g 000 b eng d |
| 020 |
|
|
|a 058255019X
|
| 040 |
|
|
|a GrPaTEI
|b gre
|c GR-PaULI
|e AACR2
|
| 082 |
0 |
4 |
|2 23
|a 428.002 4
|
| 100 |
1 |
|
|a Austin, David
|9 208822
|e συγγραφέας.
|
| 245 |
1 |
0 |
|a English for nurses /
|c David Austin [και] Tim Crosfield.
|
| 260 |
|
|
|a Essex :
|b Longman,
|c c1976.
|
| 300 |
|
|
|a 138 σ. :
|b εικ. ;
|c 24 εκ.
|
| 650 |
|
4 |
|a Αγγλική γλώσσα
|x Έκθεση και ασκήσεις γραπτής έκφρασης.
|9 208825
|
| 700 |
1 |
|
|a Crosfield, Tim
|9 208826
|e συγγραφέας.
|
| 942 |
|
|
|2 ddc
|c BK
|
| 952 |
|
|
|0 0
|1 0
|2 ddc
|4 0
|6 428_002000000000000_4_AUS
|7 0
|9 267534
|a MSLG
|b MSLG
|c BSC
|d 2021-01-17
|e 24
|f 0
|g 0.00
|i 2025
|l 0
|o 428.002 4 AUS
|p 2420000002025
|r 2021-01-17 00:00:00
|t 1
|w 2021-01-17
|y BK15
|x 19991111 0 1
|x GrPaTEI
|
| 952 |
|
|
|0 0
|1 0
|2 ddc
|4 0
|6 428_002000000000000_4_AUS
|7 0
|9 267536
|a MSLG
|b MSLG
|c BSC
|d 2021-01-17
|e 24
|f 0
|g 0.00
|i 2087
|l 0
|o 428.002 4 AUS
|p 2420000002087
|r 2021-01-17 00:00:00
|t 2
|w 2021-01-17
|y BK15
|x 19991111 0 1
|x GrPaTEI
|
| 952 |
|
|
|0 0
|1 0
|2 ddc
|4 0
|6 428_002000000000000_4_AUS
|7 0
|9 267537
|a MSLG
|b MSLG
|c BSC
|d 2021-01-17
|e 24
|f 0
|g 0.00
|i 2088
|l 0
|o 428.002 4 AUS
|p 2420000002088
|r 2021-01-17 00:00:00
|t 3
|w 2021-01-17
|y BK15
|x 19991111 0 1
|x GrPaTEI
|
| 998 |
|
|
|c ΒΑΣΙΛΕΙΟΥ
|d 2025-03
|
| 999 |
|
|
|c 154024
|d 154024
|